<?xml version="1.0" encoding="UTF-8"?>
<collection xmlns:xsi="http://www.w3.org/2001/XMLSchema-instance" xsi:schemaLocation="http://www.loc.gov/MARC21/slim http://www.loc.gov/standards/marcxml/schema/MARC21slim.xsd" xmlns="http://www.loc.gov/MARC21/slim">
 <record>
  <leader>00000cam a22000003i 4500</leader>
  <controlfield tag="001">UP-1685594773862019700</controlfield>
  <controlfield tag="003">Buklod</controlfield>
  <controlfield tag="005">20250204095057.0</controlfield>
  <controlfield tag="006">g||| |     ||   ||</controlfield>
  <controlfield tag="007">ta</controlfield>
  <controlfield tag="008">160125s2015    xx ab   rb   |||| u|eng d</controlfield>
  <datafield tag="020" ind1=" " ind2=" ">
   <subfield code="a">97897199994954</subfield>
  </datafield>
  <datafield tag="035" ind1=" " ind2=" ">
   <subfield code="a">(iLib)UPBAG-00019521483</subfield>
  </datafield>
  <datafield tag="040" ind1=" " ind2=" ">
   <subfield code="a">DLSU</subfield>
   <subfield code="d">BAG</subfield>
   <subfield code="e">rda</subfield>
  </datafield>
  <datafield tag="041" ind1="0" ind2=" ">
   <subfield code="a">eng</subfield>
  </datafield>
  <datafield tag="090" ind1=" " ind2="0">
   <subfield code="a">TD 170.94 S68</subfield>
   <subfield code="b">E26 2015 RR12</subfield>
  </datafield>
  <datafield tag="100" ind1="1" ind2=" ">
   <subfield code="a">Bulayog, Ma. Salome B.</subfield>
   <subfield code="e">author.</subfield>
  </datafield>
  <datafield tag="245" ind1="1" ind2="0">
   <subfield code="a">Assessment of natural assets in the agricultural and aquatic ecosystems in Sogod Bay, Southern, Leyte</subfield>
   <subfield code="c">Ma. Salome B. Bulayog [and ten others].</subfield>
  </datafield>
  <datafield tag="264" ind1=" " ind2="1">
   <subfield code="a">Los Baños, Laguna, Philippines</subfield>
   <subfield code="b">WorldFish (ICLARM)-Economy and Environment Program for Southeast Asia (EEPSEA)</subfield>
   <subfield code="c">2015.</subfield>
  </datafield>
  <datafield tag="300" ind1=" " ind2=" ">
   <subfield code="a">42 pages</subfield>
   <subfield code="b">color illustrations, color map</subfield>
   <subfield code="c">30 cm</subfield>
  </datafield>
  <datafield tag="336" ind1=" " ind2=" ">
   <subfield code="a">text</subfield>
   <subfield code="2">rdacontent</subfield>
  </datafield>
  <datafield tag="337" ind1=" " ind2=" ">
   <subfield code="a">unmediated</subfield>
   <subfield code="2">rdamedia</subfield>
  </datafield>
  <datafield tag="338" ind1=" " ind2=" ">
   <subfield code="a">volume</subfield>
   <subfield code="2">rdacarrier</subfield>
  </datafield>
  <datafield tag="490" ind1="0" ind2=" ">
   <subfield code="a">EEPSEA research reports</subfield>
   <subfield code="v">2015-RR12</subfield>
  </datafield>
  <datafield tag="500" ind1=" " ind2=" ">
   <subfield code="a">The series number is erroneously written on the cover of the book as 2015-RR14 instead of 2015-RR12.</subfield>
  </datafield>
  <datafield tag="500" ind1=" " ind2=" ">
   <subfield code="a">&quot;July, 2015.&quot;</subfield>
  </datafield>
  <datafield tag="500" ind1=" " ind2=" ">
   <subfield code="a">&quot;The Economy and Environment Program for Southeast Asia (EEPSEA) was established in may 1993 to support training and research in environmental and resource economics. EEPSEA research reports are the outputs of research projects supported by the Economy and Environment Program for Southeast Asia. All have been peer reviewed and edited. EEPSEA also publishes the EEPSEA practitioners series, case books, special papers that focus on research methodology, and issue papers. EEPSEA is administered by WorldFish on behalf of its donors, SIDA and IDRC.&quot;</subfield>
  </datafield>
  <datafield tag="504" ind1=" " ind2=" ">
   <subfield code="a">Includes bibliographical references.</subfield>
  </datafield>
  <datafield tag="520" ind1=" " ind2=" ">
   <subfield code="a">This study assessed the existing natural resources in Sogod Bay, Southern Leyte, Philippines, and determined how their quality has been affected by the economic activities in the area. Soil physical analysis revealed that some nutrients in the study sites are deficient, particularly phosphorus. A diverse species of mangroves and macroinvertebrates can be found at the study sites. Those with MPAs have good coral covers and high life form diversity indices, while the opposite was observed in non-MPA sites. However, there were also non-MPA sites that exhibited good coral covers and rich species diversity. Results also showed that the natural resources in Sogod Bay are no longer as productive as before due to the decreased quality of these resources. Based on survey results, most households are less dependent on fishery and farming as livelihood sources; most households had nonfarm income sources, which are the largest contributors to household income. Meanwhile, the valuation results indicate that the values of the provisioning services of these ecosystems are higher in sites with MPA and in farms with adequate nutrients and proper cultivation. Hence, this study recommends establishing marine sanctuaries and improving land productivity to restore the marine and terrestrial ecosystems in Sogod Bay.</subfield>
  </datafield>
  <datafield tag="530" ind1=" " ind2=" ">
   <subfield code="a">Also available online at http://www.eepsea.org.</subfield>
  </datafield>
  <datafield tag="650" ind1=" " ind2="0">
   <subfield code="a">Environmental protection</subfield>
   <subfield code="x">Research</subfield>
   <subfield code="z">Southeast Asia.</subfield>
  </datafield>
  <datafield tag="650" ind1=" " ind2="0">
   <subfield code="a">Agricultural ecology</subfield>
   <subfield code="z">Philippines</subfield>
   <subfield code="z">Southern Leyte.</subfield>
  </datafield>
  <datafield tag="650" ind1=" " ind2="0">
   <subfield code="a">Aquatic ecology</subfield>
   <subfield code="z">Philippines</subfield>
   <subfield code="z">Southern Leyte.</subfield>
  </datafield>
  <datafield tag="700" ind1="1" ind2=" ">
   <subfield code="a">Montes, Humberto R.</subfield>
   <subfield code="b">Jr.</subfield>
   <subfield code="e">author.</subfield>
  </datafield>
  <datafield tag="700" ind1="1" ind2=" ">
   <subfield code="a">Lina, Suzette B.</subfield>
   <subfield code="e">author.</subfield>
  </datafield>
  <datafield tag="700" ind1="1" ind2=" ">
   <subfield code="a">Patindol, Teofanes A.</subfield>
   <subfield code="e">author.</subfield>
  </datafield>
  <datafield tag="700" ind1="1" ind2=" ">
   <subfield code="a">Diola, Adelfa C.</subfield>
   <subfield code="e">author.</subfield>
  </datafield>
  <datafield tag="700" ind1="1" ind2=" ">
   <subfield code="a">Espinosa, Eliza D.</subfield>
   <subfield code="e">author.</subfield>
  </datafield>
  <datafield tag="700" ind1="1" ind2=" ">
   <subfield code="a">Maso, Analyn M.</subfield>
   <subfield code="e">author.</subfield>
  </datafield>
  <datafield tag="700" ind1="1" ind2=" ">
   <subfield code="a">Evangelio, Jullissah C.</subfield>
   <subfield code="e">author.</subfield>
  </datafield>
  <datafield tag="700" ind1="1" ind2=" ">
   <subfield code="a">Flandez, Art Russell R.</subfield>
   <subfield code="e">author.</subfield>
  </datafield>
  <datafield tag="700" ind1="1" ind2=" ">
   <subfield code="a">Gesultura, Marianne A.</subfield>
   <subfield code="e">author.</subfield>
  </datafield>
  <datafield tag="700" ind1="1" ind2=" ">
   <subfield code="a">Modina, Ris Menoel R.</subfield>
   <subfield code="e">author.</subfield>
  </datafield>
  <datafield tag="710" ind1="2" ind2=" ">
   <subfield code="a">Swedish International Development Cooperation Agency (Sida)</subfield>
   <subfield code="e">funder.</subfield>
  </datafield>
  <datafield tag="710" ind1="2" ind2=" ">
   <subfield code="a">International Development Research Centre (IDRC)</subfield>
   <subfield code="e">funder.</subfield>
  </datafield>
  <datafield tag="710" ind1="2" ind2=" ">
   <subfield code="a">WorldFish</subfield>
   <subfield code="e">supporting host.</subfield>
  </datafield>
  <datafield tag="905" ind1=" " ind2=" ">
   <subfield code="a">FI</subfield>
  </datafield>
  <datafield tag="852" ind1="0" ind2=" ">
   <subfield code="a">UPBAG</subfield>
   <subfield code="b">UPBAG-MAIN</subfield>
   <subfield code="h">TD 170.94 S68 E26 2015 RR12</subfield>
  </datafield>
  <datafield tag="942" ind1=" " ind2=" ">
   <subfield code="a">Book</subfield>
  </datafield>
 </record>
</collection>
